[Event "Troisdorf op"]
[Site "Troisdorf"]
[Date "2013.11.12"]
[Round "4"]
[White "Bilow, Albrecht"]
[Black "Hiendl, David"]
[Result "1/2-1/2"]
[WhiteElo "1393"]
[BlackElo "1590"]
[PlyCount "67"]
[EventDate "2013.10.22"]
[EventType "swiss"]
[EventRounds "7"]
[EventCountry "GER"]
[SourceTitle "EXT 2016"]
[Source "ChessBase"]
[SourceDate "2015.10.08"]
[SourceVersion "1"]
[SourceVersionDate "2015.10.08"]
[SourceQuality "1"]

1. d4 d5 2. Nf3 Nf6 3. c4 e6 4. Nc3 c6 5. e3 Nbd7 6. Bd3 Bd6 7. 0-0 0-0 8. Re1 b6 9. cxd5 cxd5 10. a3 a6 11. Bd2 b5 12. e4 dxe4 13. Nxe4 Bc7 14. Bb4 Re8 15. Nd6 Bxd6 16. Bxd6 Bb7 17. Rc1 Rc8 18. Rxc8 Qxc8 19. Be5 Qc6 20. Qc2 Rc8 21. Qxc6 Rxc6 22. Nd2 Rc8 23. f3 Ne8 24. Nb3 Rd8 25. Rd1 Bd5 26. Nc5 Nxc5 27. dxc5 g6 28. Be4 f6 29. Bxd5 exd5 30. Bc3 Kf8 31. b4 Kf7 32. Kf2 Nc7 33. g4 Re8 34. Bd4 1/2-1/2

[Event "Troisdorf op"]
[Site "Troisdorf"]
[Date "2012.10.23"]
[Round "1"]
[White "Bilow, Albrecht"]
[Black "Weber, Olaf"]
[Result "0-1"]
[WhiteElo "1524"]
[BlackElo "1845"]
[PlyCount "48"]
[EventDate "2012.10.23"]
[EventType "swiss"]
[EventRounds "7"]
[EventCountry "GER"]
[SourceTitle "EXT 2014"]
[Source "ChessBase"]
[SourceDate "2013.11.20"]
[SourceVersion "1"]
[SourceVersionDate "2013.11.20"]
[SourceQuality "1"]

1. d4 Nf6 2. c4 g6 3. Nc3 Bg7 4. e4 d6 5. f3 0-0 6. Bd3 Nc6 7. Nge2 e5 8. Be3 Nh5 9. d5 Nd4 10. 0-0 Nxe2+ 11. Nxe2 f5 12. Rb1 f4 13. Bf2 Nf6 14. Bh4 h6 15. g4 g5 16. Bf2 h5 17. h3 Qe8 18. Nc3 hxg4 19. fxg4 a6 20. Be2 Qg6 21. Bf3 Rf7 22. c5 Bf8 23. b4 Rh7 24. Bg2 Qh6 0-1

[Event "Troisdorf op"]
[Site "Troisdorf"]
[Date "2011.11.22"]
[Round "5"]
[White "Moews, Thomas"]
[Black "Bilow, Albrecht"]
[Result "1/2-1/2"]
[WhiteElo "1794"]
[BlackElo "1553"]
[PlyCount "86"]
[EventDate "2011.10.25"]
[EventType "swiss"]
[EventRounds "7"]
[EventCountry "GER"]
[SourceTitle "EXT 2013"]
[Source "ChessBase"]
[SourceDate "2012.11.22"]
[SourceVersion "1"]
[SourceVersionDate "2012.11.22"]
[SourceQuality "1"]

1. e4 e5 2. Bc4 Nf6 3. d4 d6 4. dxe5 dxe5 5. Bxf7+ Ke7 6. Qxd8+ Kxd8 7. Bg5 Be7 8. Bxf6 Bxf6 9. Nc3 Ke7 10. Bc4 c6 11. 0-0-0 Nd7 12. Nge2 Nc5 13. b4 Be6 14. Bxe6 Nxe6 15. Ng3 g6 16. Nge2 Bg5+ 17. Kb2 Rhd8 18. h4 Rxd1 19. Rxd1 Bxh4 20. Rh1 Bxf2 21. Rxh7+ Kf6 22. Rxb7 Bb6 23. a4 Nf4 24. Nxf4 exf4 25. b5 Rc8 26. Kb3 Bd4 27. Ne2 Be3 28. c4 g5 29. Nc3 Bd4 30. bxc6 Rxc6 31. Nd5+ Ke5 32. Rg7 Kxe4 33. Rxg5 Rd6 34. Rg8 Be3 35. g3 fxg3 36. Re8+ Kf3 37. Nxe3 Rd3+ 38. Kb4 Rxe3 39. Rf8+ Ke2 40. c5 Re4+ 41. Kb5 Rg4 42. Re8+ Kf2 43. Rf8+ Ke2 1/2-1/2

[Event "Troisdorf op"]
[Site "Troisdorf"]
[Date "2011.11.08"]
[Round "3"]
[White "Hoeck, Sebastian"]
[Black "Bilow, Albrecht"]
[Result "1-0"]
[WhiteElo "1744"]
[BlackElo "1553"]
[PlyCount "53"]
[EventDate "2011.10.25"]
[EventType "swiss"]
[EventRounds "7"]
[EventCountry "GER"]
[SourceTitle "EXT 2013"]
[Source "ChessBase"]
[SourceDate "2012.11.22"]
[SourceVersion "1"]
[SourceVersionDate "2012.11.22"]
[SourceQuality "1"]

1. c4 e5 2. g3 Nc6 3. Bg2 Nf6 4. Nc3 d6 5. e4 Be7 6. Nge2 0-0 7. d3 Bd7 8. f4 exf4 9. Bxf4 Ne5 10. h3 Nh5 11. 0-0 Bg5 12. Nd4 g6 13. Kh2 Nc6 14. Nxc6 Bxc6 15. Qg4 Bxf4 16. gxf4 Nf6 17. Qg5 Kg7 18. Bf3 Ng8 19. Qg3 f5 20. b4 fxe4 21. dxe4 Qf6 22. Bg2 Kh8 23. b5 Bd7 24. Nd5 Qd4 25. Rfd1 Qxc4 26. Rac1 Qe2 27. Qc3+ 1-0

[Event "Troisdorf op "]
[Site "Troisdorf"]
[Date "2010.11.16"]
[Round "4"]
[White "Hahn, Juergen"]
[Black "Bilow, Albrecht"]
[Result "1-0"]
[WhiteElo "1694"]
[BlackElo "1535"]
[PlyCount "63"]
[EventDate "2010.10.26"]
[EventType "swiss"]
[EventRounds "7"]
[EventCountry "GER"]
[SourceTitle "EXT 2013"]
[Source "ChessBase"]
[SourceDate "2012.11.22"]
[SourceVersion "1"]
[SourceVersionDate "2012.11.22"]
[SourceQuality "1"]

1. d4 Nf6 2. c4 g6 3. Nc3 Bg7 4. e4 d6 5. Nf3 Nbd7 6. Be2 0-0 7. 0-0 c5 8. d5 Nb6 9. Kh1 Ne8 10. Bf4 f6 11. Qd2 Nd7 12. Rae1 Ne5 13. Nxe5 fxe5 14. Bh6 Bd7 15. Bd1 Nf6 16. Bxg7 Kxg7 17. f4 exf4 18. Rxf4 Rf7 19. Ref1 Qg8 20. Qe3 Raf8 21. Kg1 Ne8 22. e5 Rxf4 23. Rxf4 Rxf4 24. Qxf4 Qf8 25. Qxf8+ Kxf8 26. e6 Bc8 27. Kf2 a6 28. Ba4 Nf6 29. Kf3 b6 30. Bc6 Kg7 31. Na4 b5 32. Nb6 1-0

[Event "Troisdorf op "]
[Site "Troisdorf"]
[Date "2010.10.26"]
[Round "1"]
[White "Bilow, Albrecht"]
[Black "Raabe, Joachim"]
[Result "0-1"]
[WhiteElo "1535"]
[BlackElo "1835"]
[PlyCount "57"]
[EventDate "2010.10.26"]
[EventType "swiss"]
[EventRounds "7"]
[EventCountry "GER"]
[SourceTitle "EXT 2013"]
[Source "ChessBase"]
[SourceDate "2012.11.22"]
[SourceVersion "1"]
[SourceVersionDate "2012.11.22"]
[SourceQuality "1"]

1. d4 d5 2. Nf3 Nf6 3. Nc3 c6 4. Bf4 Bf5 5. e3 Nbd7 6. Be2 e6 7. a3 Be7 8. Bd3 Bxd3 9. Qxd3 Nh5 10. Bg3 0-0 11. Ne2 g6 12. h3 Nxg3 13. Nxg3 f5 14. 0-0-0 c5 15. Nd2 c4 16. Qe2 c3 17. Nb3 a5 18. a4 Nb6 19. Qb5 cxb2+ 20. Kxb2 Nc4+ 21. Ka2 Na3 22. Qd3 b6 23. Nc5 bxc5 24. Qxa3 cxd4 25. Qd3 dxe3 26. Qxe3 Qd7 27. Qf4 g5 28. Qd4 Bf6 29. Qe3 0-1

[Event "Troisdorf op"]
[Site "Troisdorf"]
[Date "2009.12.08"]
[Round "7"]
[White "Margenberg, Volker"]
[Black "Bilow, Albrecht"]
[Result "1/2-1/2"]
[WhiteElo "1555"]
[BlackElo "1525"]
[PlyCount "75"]
[EventDate "2009.10.27"]
[EventType "swiss"]
[EventRounds "7"]
[EventCountry "GER"]
[SourceTitle "EXT 2011"]
[Source "ChessBase"]
[SourceDate "2010.11.26"]
[SourceVersion "1"]
[SourceVersionDate "2010.11.26"]
[SourceQuality "1"]

1. d4 Nf6 2. c4 c5 3. d5 e6 4. Nc3 exd5 5. cxd5 d6 6. Nf3 g6 7. Bg5 Bg7 8. e4 Nbd7 9. Bd3 0-0 10. Qd2 Re8 11. 0-0 a6 12. a4 Qc7 13. Rae1 Ng4 14. h3 Nge5 15. Nxe5 Nxe5 16. f4 Nxd3 17. Qxd3 Bd7 18. b3 Qa5 19. Ne2 b5 20. axb5 Bxb5 21. Qc2 Rac8 22. f5 Qb6 23. fxg6 c4+ 24. Kh1 fxg6 25. Nf4 Qb8 26. Rf3 cxb3 27. Qxb3 h6 28. Bxh6 Bxh6 29. Nxg6 Bc4 30. Qc3 Bg7 31. Qe3 Qc7 32. Qg5 Qd8 33. Qf5 Rc7 34. Rc1 Qc8 35. Qg5 Qd8 36. Qg4 Qc8 37. Qg5 Qd8 38. Qg4 1/2-1/2

[Event "Troisdorf op"]
[Site "Troisdorf"]
[Date "2009.11.03"]
[Round "2"]
[White "Bilow, Albrecht"]
[Black "Ziabari, Morteza"]
[Result "1/2-1/2"]
[WhiteElo "1525"]
[BlackElo "1773"]
[PlyCount "63"]
[EventDate "2009.10.27"]
[EventType "swiss"]
[EventRounds "7"]
[EventCountry "GER"]
[SourceTitle "EXT 2011"]
[Source "ChessBase"]
[SourceDate "2010.11.26"]
[SourceVersion "1"]
[SourceVersionDate "2010.11.26"]
[SourceQuality "1"]

1. d4 d5 2. c4 e6 3. Nc3 Nf6 4. Bg5 c6 5. e3 Nbd7 6. Nf3 Qa5 7. Bxf6 Nxf6 8. Bd3 dxc4 9. Bxc4 Ne4 10. Rc1 Bb4 11. Qc2 f5 12. 0-0 Nd6 13. Bd3 Nf7 14. a3 Bd6 15. e4 Bf4 16. Rce1 0-0 17. exf5 exf5 18. Bc4 Qd8 19. g3 Bd6 20. Ne5 Bxe5 21. dxe5 Qd4 22. Qb3 b5 23. Bxf7+ Rxf7 24. Qd1 Qc4 25. Qe2 Be6 26. f4 Qd4+ 27. Qe3 Rd8 28. Qxd4 Rxd4 29. Rd1 Rfd7 30. Rxd4 Rxd4 31. Rd1 Rxd1+ 32. Nxd1 1/2-1/2

[Event "Troisdorf op"]
[Site "Troisdorf"]
[Date "2007.11.13"]
[Round "5"]
[White "Bilow, Albrecht"]
[Black "Raupach, Birgit"]
[Result "1-0"]
[WhiteElo "1488"]
[BlackElo "1013"]
[PlyCount "63"]
[EventDate "2007.10.16"]
[EventType "swiss"]
[EventRounds "5"]
[EventCountry "GER"]
[SourceTitle "EXT 2011"]
[Source "ChessBase"]
[SourceDate "2010.11.26"]
[SourceVersion "1"]
[SourceVersionDate "2010.11.26"]
[SourceQuality "1"]

1. d4 d5 2. c4 e6 3. Nc3 Nf6 4. Bg5 Be7 5. e3 0-0 6. Nf3 Nbd7 7. Bd3 c5 8. 0-0 b6 9. cxd5 exd5 10. b3 Bb7 11. Rc1 Rc8 12. Qe2 a6 13. Bxa6 Bxa6 14. Qxa6 Nb8 15. Qe2 Nc6 16. Rfd1 Re8 17. dxc5 bxc5 18. Bxf6 Bxf6 19. Rxd5 Qe7 20. Na4 Nb4 21. Rdxc5 Qd7 22. Rxc8 Rxc8 23. Rxc8+ Qxc8 24. g3 Nd5 25. Qb5 Nc7 26. Qc4 Qd7 27. Nc3 g6 28. a4 Ne6 29. Ne4 Bh8 30. Kg2 Qe7 31. a5 f5 32. Neg5 1-0

[Event "Troisdorf op"]
[Site "Troisdorf"]
[Date "2007.11.06"]
[Round "3"]
[White "Bilow, Albrecht"]
[Black "Dieterle, Robert"]
[Result "0-1"]
[WhiteElo "1488"]
[BlackElo "1783"]
[PlyCount "82"]
[EventDate "2007.10.16"]
[EventType "swiss"]
[EventRounds "5"]
[EventCountry "GER"]
[SourceTitle "EXT 2011"]
[Source "ChessBase"]
[SourceDate "2010.11.26"]
[SourceVersion "1"]
[SourceVersionDate "2010.11.26"]
[SourceQuality "1"]

1. d4 Nf6 2. c4 g6 3. Nc3 Bg7 4. e4 0-0 5. Nf3 c5 6. g3 cxd4 7. Nxd4 Qb6 8. Nb3 d6 9. Be3 Qc6 10. Qd3 Ng4 11. Bd2 Ne5 12. Qd5 Be6 13. Qxc6 Nbxc6 14. Nd5 Nf3+ 15. Kd1 Bxb2 16. Rb1 Bg7 17. Be2 Nxd2 18. Nxd2 b6 19. Nc7 Rac8 20. Nxe6 fxe6 21. f4 e5 22. f5 gxf5 23. exf5 Nd4 24. g4 Nxe2 25. Kxe2 Bh6 26. g5 Bg7 27. Rhf1 Rc5 28. Rbc1 e4 29. Nxe4 Rcxf5 30. Rxf5 Rxf5 31. Ke3 Ra5 32. Rc2 Be5 33. h4 Ra3+ 34. Ke2 Rh3 35. g6 hxg6 36. Ng5 Rh2+ 37. Kd3 Rxc2 38. Kxc2 Bg3 39. Nf3 Kg7 40. Kd3 Kf6 41. Ke4 e6 0-1

[Event "Troisdorf op"]
[Site "Troisdorf"]
[Date "2006.11.07"]
[Round "3"]
[White "Bilow, Albrecht"]
[Black "Raupach, Birgit"]
[Result "1-0"]
[WhiteElo "1475"]
[BlackElo "1070"]
[PlyCount "57"]
[EventDate "2006.10.24"]
[EventType "swiss"]
[EventRounds "7"]
[EventCountry "GER"]
[SourceTitle "EXT 2011"]
[Source "ChessBase"]
[SourceDate "2010.11.26"]
[SourceVersion "1"]
[SourceVersionDate "2010.11.26"]
[SourceQuality "1"]

1. d4 d5 2. c4 e6 3. Nc3 Nf6 4. Bg5 Be7 5. e3 0-0 6. Nf3 c5 7. cxd5 exd5 8. Bd3 Be6 9. Qc2 g6 10. dxc5 Bxc5 11. Bb5 Be7 12. Bh6 Bf5 13. Qd2 Bb4 14. Bxf8 Qxf8 15. a3 Ne4 16. Qd4 Qc5 17. axb4 Qxd4 18. Nxd4 a6 19. Nxf5 gxf5 20. Nxd5 Kg7 21. Ke2 Nd6 22. Nb6 Ra7 23. Bd3 Nc6 24. b5 Nb4 25. bxa6 Nxd3 26. Kxd3 Ne4 27. Ke2 Nc5 28. Nc8 Ra8 29. axb7 1-0

[Event "Troisdorf op"]
[Site "Troisdorf"]
[Date "2005.12.06"]
[Round "7.20"]
[White "Bilow, Albrecht"]
[Black "Ruetten, Ingmar"]
[Result "0-1"]
[WhiteElo "1524"]
[BlackElo "1751"]
[PlyCount "164"]
[EventDate "2005.10.18"]
[EventType "swiss"]
[EventRounds "7"]
[EventCountry "GER"]
[SourceTitle "EXT 2006"]
[Source "ChessBase"]
[SourceDate "2005.11.24"]
[SourceVersion "1"]
[SourceVersionDate "2005.11.24"]
[SourceQuality "1"]

1. d4 Nf6 2. Nf3 e6 3. c4 b6 4. Nc3 Bb7 5. e3 Bb4 6. Be2 0-0 7. 0-0 Bxc3 8. bxc3 d6 9. Nd2 Nbd7 10. Bf3 Bxf3 11. Qxf3 Qe7 12. Ne4 c5 13. Ba3 Nxe4 14. Qxe4 Nf6 15. Qd3 e5 16. f3 e4 17. fxe4 Qxe4 18. Rad1 Rae8 19. Bc1 Qxd3 20. Rxd3 Re4 21. Rf4 Rxf4 22. exf4 Re8 23. Kf2 h5 24. h3 Kh7 25. Re3 Ne4+ 26. Kf3 f5 27. h4 cxd4 28. cxd4 Rc8 29. c5 bxc5 30. dxc5 Rxc5 31. Ba3 Rc2 32. Rd3 Rf2+ 33. Ke3 Rxg2 34. Bb4 Rxa2 35. Bxd6 Nxd6 36. Rxd6 a5 37. Rd5 g6 38. Rd7+ Kg8 39. Ra7 a4 40. Kd4 Re2 41. Kd5 Re4 42. Kd6 Kf8 43. Rb7 a3 44. Ra7 Rxf4 45. Ke5 Rxh4 46. Kf6 Re4 47. Rxa3 f4 48. Ra8+ Re8 49. Ra4 Rb8 50. Rxf4 Rb6+ 51. Kg5+ Kg7 52. Ra4 Rb5+ 53. Kh4 Kh6 54. Rc4 Rb3 55. Rc6 Rb4+ 56. Kg3 h4+ 57. Kh3 Kh5 58. Rc5+ g5 59. Ra5 Rb3+ 60. Kh2 Rf3 61. Rb5 Kg4 62. Rb4+ Rf4 63. Rb5 Ra4 64. Rc5 Ra2+ 65. Kg1 Kh5 66. Rb5 h3 67. Rb4 g4 68. Rb5+ Kh4 69. Rb4 Rg2+ 70. Kh1 Rf2 71. Ra4 Kg3 72. Ra3+ Rf3 73. Ra1 Rb3 74. Rc1 Re3 75. Rg1+ Kh4 76. Ra1 g3 77. Ra4+ Kg5 78. Ra5+ Kf4 79. Ra1 Re2 80. Ra4+ Kf3 81. Ra3+ Kf2 82. Ra2 g2+ 0-1

[Event "Troisdorf op"]
[Site "Troisdorf"]
[Date "2005.11.08"]
[Round "3.26"]
[White "Raupach, Birgit"]
[Black "Bilow, Albrecht"]
[Result "0-1"]
[WhiteElo "1093"]
[BlackElo "1524"]
[PlyCount "38"]
[EventDate "2005.10.18"]
[EventType "swiss"]
[EventRounds "7"]
[EventCountry "GER"]
[SourceTitle "EXT 2006"]
[Source "ChessBase"]
[SourceDate "2005.11.24"]
[SourceVersion "1"]
[SourceVersionDate "2005.11.24"]
[SourceQuality "1"]

1. d4 d5 2. Nf3 Nf6 3. e3 e6 4. Be2 Bd6 5. 0-0 Nbd7 6. c4 c6 7. a3 a5 8. Bd2 0-0 9. Bc3 Ne4 10. b4 axb4 11. Qb3 bxc3 12. Nxc3 Nxc3 13. Qxc3 Qa5 14. Qb3 dxc4 15. Bxc4 b5 16. Bd3 Qd8 17. Rfc1 Bb7 18. e4 Qe7 19. Rc2 Rxa3 0-1

[Event "Troisdorf op"]
[Site "Troisdorf"]
[Date "2004.12.14"]
[Round "7"]
[White "Bilow, Albrecht"]
[Black "Vaerst, Joachim"]
[Result "0-1"]
[WhiteElo "1546"]
[BlackElo "1933"]
[PlyCount "30"]
[EventDate "2004.11.02"]
[EventType "swiss"]
[EventRounds "7"]
[EventCountry "GER"]
[SourceTitle "EXT 2006"]
[Source "ChessBase"]
[SourceDate "2005.11.24"]
[SourceVersion "1"]
[SourceVersionDate "2005.11.24"]
[SourceQuality "1"]

1. c4 c5 2. Nc3 b6 3. Nf3 Bb7 4. e4 e6 5. g3 g6 6. Bg2 Bg7 7. Qc2 Nc6 8. a3 Nge7 9. b3 0-0 10. Bb2 d5 11. exd5 exd5 12. d3 dxc4 13. dxc4 Nd4 14. Nxd4 Bxg2 15. Rg1 cxd4 0-1

[Event "Troisdorf op"]
[Site "Troisdorf"]
[Date "2004.11.30"]
[Round "5"]
[White "Bilow, Albrecht"]
[Black "Smit, Hendrik"]
[Result "0-1"]
[WhiteElo "1546"]
[BlackElo "1518"]
[PlyCount "74"]
[EventDate "2004.11.02"]
[EventType "swiss"]
[EventRounds "7"]
[EventCountry "GER"]
[SourceTitle "EXT 2006"]
[Source "ChessBase"]
[SourceDate "2005.11.24"]
[SourceVersion "1"]
[SourceVersionDate "2005.11.24"]
[SourceQuality "1"]

1. d4 Nf6 2. Nf3 g6 3. c4 Bg7 4. Nc3 0-0 5. e4 d6 6. Bd3 Nbd7 7. 0-0 e5 8. d5 a5 9. Bg5 Nc5 10. Bc2 Bd7 11. Re1 h6 12. Be3 Na6 13. Qd2 Ng4 14. h3 Nxe3 15. Rxe3 Nc5 16. Qd1 f5 17. Nd2 f4 18. Re1 Qf6 19. Nf3 g5 20. Nh2 Qg6 21. f3 h5 22. Kh1 Bf6 23. Qe2 Kg7 24. Rg1 Rh8 25. Bd1 Kf7 26. Re1 Rag8 27. Kg1 Bd8 28. Rc1 g4 29. fxg4 hxg4 30. hxg4 Rxh2 31. Kxh2 Rh8+ 32. Kg1 Qh6 33. Bc2 Qh1+ 34. Kf2 Qh4+ 35. Kf1 Bxg4 36. g3 Qh1+ 37. Kf2 Rh2# 0-1

[Event "Troisdorf op"]
[Site "Troisdorf"]
[Date "2004.11.09"]
[Round "2"]
[White "Raupach, Birgit"]
[Black "Bilow, Albrecht"]
[Result "0-1"]
[WhiteElo "1091"]
[BlackElo "1546"]
[PlyCount "60"]
[EventDate "2004.11.02"]
[EventType "swiss"]
[EventRounds "7"]
[EventCountry "GER"]
[SourceTitle "EXT 2006"]
[Source "ChessBase"]
[SourceDate "2005.11.24"]
[SourceVersion "1"]
[SourceVersionDate "2005.11.24"]
[SourceQuality "1"]

1. d4 Nf6 2. Nf3 d5 3. e3 e6 4. Be2 Bd6 5. 0-0 Nbd7 6. c4 c5 7. Nc3 b6 8. Nb5 Bb8 9. b3 a6 10. Nc3 Bb7 11. a3 Qc7 12. g3 0-0 13. Bd3 Qc6 14. Re1 Ne4 15. Bb2 Ndf6 16. Ne5 Bxe5 17. dxe5 Nxc3 18. Bxc3 dxc4 19. f3 Nd5 20. Bb2 cxd3 21. e4 Ne7 22. Qxd3 Rad8 23. Qb1 Qb5 24. Bc3 Rd7 25. b4 Rfd8 26. a4 Qd3 27. Kg2 Qxc3 28. b5 Rd2+ 29. Kh3 Qxf3 30. bxa6 Qh5# 0-1

[Event "Troisdorf op"]
[Site "Troisdorf"]
[Date "2003.12.09"]
[Round "7"]
[White "Bilow, Albrecht"]
[Black "Bonus, Christian"]
[Result "1-0"]
[WhiteElo "1593"]
[BlackElo "1469"]
[PlyCount "87"]
[EventDate "2003.10.14"]
[EventType "swiss"]
[EventRounds "7"]
[EventCountry "GER"]
[SourceTitle "EXT 2005"]
[Source "ChessBase"]
[SourceDate "2004.11.15"]
[SourceVersion "1"]
[SourceVersionDate "2004.11.15"]
[SourceQuality "1"]

1. d4 e6 2. c4 Nf6 3. Nc3 c5 4. e3 Nc6 5. Nf3 Be7 6. Bd3 d5 7. 0-0 Nb4 8. Be2 Ne4 9. cxd5 Nxc3 10. bxc3 Nxd5 11. Bb5+ Bd7 12. c4 Bxb5 13. cxb5 Nc3 14. Qb3 Ne2+ 15. Kh1 Bf6 16. Bb2 cxd4 17. Rad1 Qa5 18. Nxd4 Nxd4 19. Bxd4 Rc8 20. Bxf6 gxf6 21. Rc1 Rxc1 22. Rxc1 Qd2 23. Qc2 Qxc2 24. Rxc2 Kd7 25. g3 h5 26. h4 Rc8 27. Rxc8 Kxc8 28. g4 Kd7 29. gxh5 Ke8 30. Kg2 Kf8 31. Kg3 Kg7 32. e4 Kh6 33. Kg4 a6 34. b6 Kh7 35. a4 Kg7 36. Kf4 Kh6 37. Ke3 Kxh5 38. Kd4 Kxh4 39. Kc5 f5 40. exf5 Kg5 41. fxe6 fxe6 42. Kd6 Kf6 43. Kc7 Ke7 44. Kxb7 1-0

[Event "Troisdorf op"]
[Site "Troisdorf"]
[Date "2003.11.18"]
[Round "4"]
[White "Abedinzadeh, Ali"]
[Black "Bilow, Albrecht"]
[Result "1-0"]
[WhiteElo "1435"]
[BlackElo "1593"]
[PlyCount "89"]
[EventDate "2003.10.14"]
[EventType "swiss"]
[EventRounds "7"]
[EventCountry "GER"]
[SourceTitle "EXT 2005"]
[Source "ChessBase"]
[SourceDate "2004.11.15"]
[SourceVersion "1"]
[SourceVersionDate "2004.11.15"]
[SourceQuality "1"]

1. d4 Nf6 2. c4 e6 3. Nf3 d5 4. Nbd2 c6 5. a3 c5 6. e3 a5 7. b3 Nbd7 8. Bb2 Be7 9. g3 0-0 10. Bg2 Rb8 11. 0-0 b6 12. Re1 Bb7 13. Rc1 cxd4 14. exd4 Re8 15. Ne5 Ba8 16. cxd5 Nxd5 17. Nc6 Bxc6 18. Rxc6 Rc8 19. Qc2 Rxc6 20. Qxc6 Qc7 21. Bxd5 Qxc6 22. Bxc6 Rd8 23. Nc4 Nb8 24. Ba4 Bf6 25. Rd1 Na6 26. Nxb6 Nc5 27. b4 Nxa4 28. Nxa4 axb4 29. axb4 Rb8 30. Bc3 Kf8 31. Nc5 Ke8 32. Ra1 Be7 33. Ra7 g6 34. Rb7 Rc8 35. b5 Bxc5 36. dxc5 Rxc5 37. Rb8+ Kd7 38. Bd4 Rc1+ 39. Kg2 Rb1 40. b6 Rb3 41. Rb7+ Ke8 42. Ra7 e5 43. Be3 f5 44. b7 e4 45. Ra8+ 1-0

[Event "Troisdorf op"]
[Site "Troisdorf"]
[Date "2002.11.26"]
[Round "5"]
[White "Bilow, Albrecht"]
[Black "Sadeghi, Seid"]
[Result "1-0"]
[WhiteElo "1614"]
[BlackElo "1503"]
[PlyCount "77"]
[EventDate "2002.10.??"]
[EventType "swiss"]
[EventRounds "7"]
[EventCountry "GER"]
[SourceTitle "EXT 2005"]
[Source "ChessBase"]
[SourceDate "2004.11.15"]
[SourceVersion "1"]
[SourceVersionDate "2004.11.15"]
[SourceQuality "1"]

1. d4 Nf6 2. c4 c6 3. Nc3 d5 4. cxd5 cxd5 5. Nf3 Nc6 6. Bf4 e6 7. a3 Bd6 8. Bxd6 Qxd6 9. Nb5 Qe7 10. e3 0-0 11. Bd3 e5 12. dxe5 Nxe5 13. Nxe5 Qxe5 14. Nd4 Ng4 15. Qc2 Nxe3 16. fxe3 Qxe3+ 17. Ne2 f5 18. Qd2 Re8 19. Qxe3 Rxe3 20. Kd2 Re7 21. Rhf1 g6 22. Rac1 b6 23. Rf4 Bb7 24. Rd4 Kg7 25. Bb1 Kf6 26. Ba2 Ke5 27. Rd3 Kd6 28. g3 Ba6 29. Rxd5+ Ke6 30. Ra5+ Kf6 31. Rxa6 Rae8 32. Bc4 g5 33. Bd3 Rd8 34. Rc5 Red7 35. Rxf5+ Ke6 36. Rf3 Kd5 37. Ra4 Kc6 38. Rc4+ Kb7 39. Kc3 1-0

[Event "Troisdorf op"]
[Site "Troisdorf"]
[Date "2002.11.12"]
[Round "3"]
[White "Bilow, Albrecht"]
[Black "Azarnousha, Framarz"]
[Result "1-0"]
[WhiteElo "1614"]
[BlackElo "1152"]
[PlyCount "61"]
[EventDate "2002.10.??"]
[EventType "swiss"]
[EventRounds "7"]
[EventCountry "GER"]
[SourceTitle "EXT 2005"]
[Source "ChessBase"]
[SourceDate "2004.11.15"]
[SourceVersion "1"]
[SourceVersionDate "2004.11.15"]
[SourceQuality "1"]

1. d4 d5 2. c4 b6 3. cxd5 Qxd5 4. Nc3 Qd8 5. e4 Bb7 6. Nf3 a6 7. Qc2 e6 8. Bf4 f6 9. Bc4 Qd7 10. 0-0 b5 11. Be2 Bd6 12. e5 Be7 13. Rfd1 g5 14. exf6 gxf4 15. fxe7 Nxe7 16. Ne5 Qc8 17. Bh5+ Kd8 18. Nf7+ Kd7 19. Nxh8 Qxh8 20. Ne4 Kc8 21. Nd6+ Kd7 22. Nxb7 Nbc6 23. Rac1 a5 24. Nc5+ Kd6 25. Qe4 Qf6 26. Bg4 Qg6 27. Qxe6+ Qxe6 28. Nxe6 Rg8 29. Bh3 f3 30. Nf4 Rg5 31. Rc3 1-0

[Event "Troisdorf op"]
[Site "Troisdorf"]
[Date "2001.11.12"]
[Round "4"]
[White "Eberz, Gisbert"]
[Black "Bilow, Albrecht"]
[Result "1-0"]
[WhiteElo "1900"]
[BlackElo "1554"]
[PlyCount "37"]
[EventDate "2001.10.??"]
[EventType "swiss"]
[EventRounds "7"]
[EventCountry "GER"]
[SourceTitle "EXT 2005"]
[Source "ChessBase"]
[SourceDate "2004.11.15"]
[SourceVersion "1"]
[SourceVersionDate "2004.11.15"]
[SourceQuality "1"]

1. d4 Nf6 2. Nf3 e6 3. Bg5 d5 4. Nbd2 Nbd7 5. e3 Be7 6. Bd3 c5 7. c3 0-0 8. Qe2 Ne8 9. h4 f6 10. Bf4 Bd6 11. Bxd6 Nxd6 12. 0-0-0 c4 13. Bb1 b5 14. e4 Nf7 15. e5 f5 16. g4 Nb6 17. gxf5 exf5 18. e6 Nd6 19. e7 1-0

[Event "Troisdorf op"]
[Site "Troisdorf"]
[Date "2001.10.23"]
[Round "1"]
[White "Labin, Sascha"]
[Black "Bilow, Albrecht"]
[Result "1-0"]
[WhiteElo "2050"]
[BlackElo "1554"]
[PlyCount "95"]
[EventDate "2001.10.??"]
[EventType "swiss"]
[EventRounds "7"]
[EventCountry "GER"]
[SourceTitle "EXT 2005"]
[Source "ChessBase"]
[SourceDate "2004.11.15"]
[SourceVersion "1"]
[SourceVersionDate "2004.11.15"]
[SourceQuality "1"]

1. d4 Nf6 2. c4 g6 3. Nc3 Bg7 4. e4 d6 5. Be2 0-0 6. Bg5 Nbd7 7. Qd2 c5 8. d5 Qc7 9. Bh6 Ne8 10. Bxg7 Nxg7 11. h4 Nf6 12. f3 a6 13. g4 e5 14. Nh3 Kh8 15. h5 gxh5 16. g5 Nfe8 17. f4 Bxh3 18. Rxh3 f6 19. f5 Qe7 20. Bxh5 Nxh5 21. Rxh5 Ng7 22. gxf6 Rxf6 23. Rh3 Raf8 24. 0-0-0 Qf7 25. Rdh1 h5 26. Qg5 Kh7 27. Rxh5+ Nxh5 28. Rxh5+ Qxh5 29. Qxh5+ Rh6 30. Qf3 Rhf6 31. Ne2 Kg7 32. Qb3 R6f7 33. Qb6 Rd7 34. a3 Rfd8 35. b4 Rc8 36. b5 axb5 37. Qxb5 Rcc7 38. Kc2 Kf6 39. Qb6 Kg5 40. Qb1 Kf6 41. Nc3 Rg7 42. Nb5 Rcd7 43. Qe1 Rg2+ 44. Kb3 Rgg7 45. Qh4+ Kf7 46. Qh5+ Kg8 47. Qh6 Rh7 48. Qe6+ 1-0